<?xml version="1.0" encoding="UTF-8"?>
<record
    xmlns:xsi="http://www.w3.org/2001/XMLSchema-instance"
    xsi:schemaLocation="http://www.loc.gov/MARC21/slim http://www.loc.gov/standards/marcxml/schema/MARC21slim.xsd"
    xmlns="http://www.loc.gov/MARC21/slim">

  <leader>01085njm a22002657a 4500</leader>
  <controlfield tag="005">20100908112946.0</controlfield>
  <controlfield tag="007">sd ammalaaahaa</controlfield>
  <controlfield tag="008">100907t        xxu||||| |||| 00| 0 eng d</controlfield>
  <datafield tag="028" ind1=" " ind2=" ">
    <subfield code="a">N. 54338</subfield>
    <subfield code="b">His Master's Voice</subfield>
  </datafield>
  <datafield tag="035" ind1=" " ind2=" ">
    <subfield code="a">GR-01387</subfield>
  </datafield>
  <datafield tag="040" ind1=" " ind2=" ">
    <subfield code="a">SED/VEN</subfield>
  </datafield>
  <datafield tag="100" ind1=" " ind2=" ">
    <subfield code="a">Mangeskar, Lata</subfield>
    <subfield code="9">18700</subfield>
  </datafield>
  <datafield tag="245" ind1=" " ind2=" ">
    <subfield code="a">Shikari /</subfield>
    <subfield code="c">by Lata Mangeskar ; music by G SKohli ; lyrics by Qamar Jalalabadi</subfield>
  </datafield>
  <datafield tag="246" ind1=" " ind2=" ">
    <subfield code="a">Shikari (&#x932;&#x924;&#x93E; &#x92E;&#x902;&#x917;&#x947;&#x936;&#x915;&#x930;)</subfield>
  </datafield>
  <datafield tag="260" ind1=" " ind2=" ">
    <subfield code="a">Dam Dam, India</subfield>
    <subfield code="b">His Mater's Voice</subfield>
  </datafield>
  <datafield tag="300" ind1=" " ind2=" ">
    <subfield code="a">1 Sound Disc [Gramophone Record] :</subfield>
    <subfield code="b">analog.33 1/33 rpm</subfield>
    <subfield code="c">10 in (LP)</subfield>
    <subfield code="f">Gramophone Record</subfield>
  </datafield>
  <datafield tag="500" ind1=" " ind2=" ">
    <subfield code="a">Brief Record</subfield>
  </datafield>
  <datafield tag="505" ind1=" " ind2=" ">
    <subfield code="a">Side 1-, Bajey ghunghru cham cham (&#x92C;&#x91C;&#x947; &#x91B;&#x92E; &#x91B;&#x92E;) (&#x932;&#x924;&#x93E; &#x92E;&#x902;&#x917;&#x947;&#x936;&#x915;&#x930;) Side 2--  yeh rangin mehfil (&#x92F;&#x947; &#x930;&#x902;&#x917;&#x940;&#x928; &#x92E;&#x939;&#x92B;&#x93C;&#x93F;&#x932;) (Asha bhosle)</subfield>
  </datafield>
  <datafield tag="650" ind1=" " ind2=" ">
    <subfield code="a">Classical Music</subfield>
    <subfield code="x">Excerpts</subfield>
    <subfield code="z">India</subfield>
    <subfield code="9">18707</subfield>
  </datafield>
  <datafield tag="700" ind1=" " ind2=" ">
    <subfield code="9">18701</subfield>
    <subfield code="a">Kohli, G.S</subfield>
  </datafield>
  <datafield tag="700" ind1=" " ind2=" ">
    <subfield code="a">Jalalbadi, Qamar</subfield>
    <subfield code="9">18729</subfield>
  </datafield>
  <datafield tag="700" ind1=" " ind2=" ">
    <subfield code="9">18702</subfield>
  </datafield>
  <datafield tag="942" ind1=" " ind2=" ">
    <subfield code="2">ddc</subfield>
    <subfield code="c">GR</subfield>
  </datafield>
  <datafield tag="999" ind1=" " ind2=" ">
    <subfield code="c">44488</subfield>
    <subfield code="d">44488</subfield>
  </datafield>
  <datafield tag="952" ind1=" " ind2=" ">
    <subfield code="0">0</subfield>
    <subfield code="1">0</subfield>
    <subfield code="2">ddc</subfield>
    <subfield code="4">0</subfield>
    <subfield code="7">1</subfield>
    <subfield code="a">L</subfield>
    <subfield code="b">AG</subfield>
    <subfield code="d">2010-09-08</subfield>
    <subfield code="e">SED/VEN</subfield>
    <subfield code="l">0</subfield>
    <subfield code="p">GR-01387</subfield>
    <subfield code="r">2010-09-08 00:00:00</subfield>
    <subfield code="t">1 </subfield>
    <subfield code="w">2010-09-08</subfield>
    <subfield code="y">GR</subfield>
  </datafield>
</record>
